Injustice Deaths - Statistics

General Stats
  • This quiz has been taken 53 times
  • The average score is 21 of 74
Answer Stats
Hint Answer % Correct
Impaled through the chest by Superman with his fist. Joker
90%
Beaten to death by Superman. Green Arrow
83%
Shot through the head by Superman's heat vision. Shazam
83%
Baton thrown at his head by Damian Wayne, causing him to fall on a rock and break his neck. Note: His spirit is later resurrected as Deadman II. Nightwing
80%
Forced to run into a brick wall by the Joker. Jay Gerrick (Flash I)
73%
Incinerated by the nuclear explosion in Metropolis. Jesse Quick (Lady Flash)
73%
Incinerated by the nuclear explosion in Metropolis. Kid Flash
70%
Beaten and taken into space by a drugged Superman. Note: Unborn child in her womb dies as well; both deaths cause Metropolis to explode. Lois Lane
70%
Impaled through the forehead by one of Sinestro's constructs. Ch'p (Green Lantern)
60%
Pushed into the sun by Superman (empowered by a Sinestro Corps ring). Ganthet (Green Lantern)
60%
Arm ripped off by Hal Jordan, losing his ring, and causing him to fall to his death. Guy Gardner (Green Lantern)
60%
Impaled through the back by a blade construct from Sinestro. John Stewart (Green Lantern)
60%
Blasted through the chest by Sinestro. Kilowog (Green Lantern)
60%
Limbs ripped off by Sinestro. Kyle Rayner (Green Lantern)
60%
Neck snapped by Superman on live television. Lex Luthor
60%
Pushed into the sun by Superman (empowered by a Sinestro Corps ring). Mogo
60%
Died in the nuclear explosion when Superboy failed to save him. Beast Boy
50%
Mauled by Killer Croc and Orca under orders by Ra's Al Ghul. Blue Beetle I (Ted Kord)
43%
Stabbed to death by Aquaman. Gorilla Grodd
40%
Gutted by Damian Wayne. Victor Zsasz
33%
Leg cut off by an Amazo microbot making him unable to grow back to full size; He then gets killed by hundreds of microbotst off-panel. Atom I (Ray Palmer)
30%
Neck snapped by Doomsday. Bizarro
30%
After the Helmet of Fate is destroyed by Superman, Kent Nelson is impaled through the back by Brainiac using one of his tendrils. Dr. Fate
30%
Blasted down to a skeleton by Bizarro's heat vision. Heatwave
30%
Shot through a camera in the eye by the Joker. Jimmy Olsen
30%
Poisoned by Joker gas; though, this is contradicted by later appearances in the comics and games. Scarecrow
30%
Head ripped off by Amazo. Zod
30%
Incinerated by Superman's heat vision. Batwoman
27%
Hacked in the throat by Wonder Woman with her sword, triggering him to explode. Captain Atom
27%
Lasso of truth wrapped around her throat and pulled by Wonder Woman, accidentally snapping her neck. Huntress
27%
Burned by Superman with his heat vision. Martian Manhunter
27%
Head crushed in the hands of Gorilla Grodd. Ra's Al Ghul
27%
Shot through the chest by General Zod's heat vision. Red Robin (Tim Drake)
27%
Suffocates in the vacuum of space after handing his mask over to Blue Beetle (Jaime Reyes), sacrificing himself; dies by the side of Ted Kord (Blue Beetle) thanks to time travel shenanigans. Booster Gold
23%
Dies of terminal cancer. Commisioner James Gordon
23%
Throat crushed and decapitated by Wonder Woman with the lasso of truth on Paradise Island during World War II. Steve Trevor
23%
Shot multiple times by Red Hood (disguised as Batman). Amanda Waller
20%
Publicly executed by Wonder Woman. (Only mentioned) Golden Glider
20%
Injured by Shazam and pummeled into a pillar by Superman. Hercules
20%
Stabbed in the face by a broomstick thrown at supersonic speeds by the Flash, accidentally. King Shark
20%
Slashed and stabbed to death by Victor Zsasz. He is later resurrected in the Lazarus Pit by Damian Wayne. Alfred Pennyworth
17%
Destroyed by Supergirl after being sabotaged by Professor Ivo. Amazo
17%
Incinerated by Mister Mxyzptlk (disguised as The Spectre). Jason Blood (Etrigan)
17%
Blasted through the stomach by Hera. Artemis
13%
Fades away because of Klarion's death. Detective Chimp
13%
Thrown into the sun by Superman. Parasite
13%
Beaten to death by Mister Mxyzptlk (disguised as The Spectre). Phantom Stranger
13%
Heart failure induced by super pill overdose while in battle with Superman. Renee Montoya
13%
Accidentally dropped to his death by Bizarro. Trickster
13%
Blasted down to a skeleton by Bizarro's heat vision. Weather Wizard
13%
Captured by Poison Ivy and shot in the head by Deadshot. Animal Man
10%
Blasted down to a skeleton by Mister Mxyzptlk (disguised as The Spectre). Harvey Bullock
10%
Beaten to death by Superman. Hawkman
10%
Beaten and then head punched by Superman, crushing his skull. Kaliback
10%
Explosive device inside her head detonated by Red Hood (disguised as Batman). Magpie
10%
Shot through the head by a trap from Deathstroke. Metamorpho
10%
Explosive device inside his head detonated by Red Hood (disguised as Batman). Polka Dot Man
10%
Shot to death by Anthanasia Al Ghul. Professor Ivo
10%
Torn to pieces by Mister Mxyzptlk (disguised as The Spectre). Ragman
10%
Impaled through the torso by a brainwashed Soranik Natu. Sinestro (Yellow Lantern)
10%
Explosive device inside his head detonated by Red Hood (disguised as Batman). Clock King
7%
Cut in half by Mister Mxyzptlk (disguised as The Spectre). Deadman
7%
Burned alive by hellfire from Raven. Dr. Occult
7%
Explosive device in his head detonated by Gorilla Grodd. Man-Bat
7%
Shot multiple times by Red Hood (disguised as Batman). Rick Flagg
7%
Dies by being separated from Doctor Occult. Rose Psychic
7%
Stabbed with a construct knife by Alan Scott under the control of the Joker. Sandman
7%
Shot in the head by Deadshot. Solovar
7%
Crushed by wreckage during the destruction of Metropolis. Steel
7%
Neck snapped by Sinestro. Despero
3%
Accidentally triggered to explode by a blaster cannon shot from Blue Beetle (Jaime Reyes). El Diablo
3%
Burned alive by Superman's heat vision. Jason Bard
3%
Explosive device inside his head detonated by Red Hood (disguised as Batman). Killer Moth
3%
Killed by an energy blast from Sinestro. Klarion the Witch Boy
3%
No matching quizzes found
Score Distribution
Percent of People with Each Score
Percentile by Number Answered
Your Score History
You have not taken this quiz